Rock & Roll Hall of Fame A-Z - Statistics

General Stats
  • This quiz has been taken 32 times
    10 since last reset
  • The average score is 22 of 25
Answer Stats
Letter Answer % Correct
B B. B. King | Bad Company | The Band | The Beach Boys | Beastie Boys | The Beatles | +25
100%
D Darlene Love | The Dave Clark Five | Dave Matthews Band | David Bowie | Deep Purple | +16
100%
G Gene Pitney | Gene Vincent | Genesis | George Harrison | George Michael | +6
100%
J Jackie Wilson | The Jackson 5 | Jackson Browne | James Brown | James Taylor | +19
100%
K Kate Bush | The Kinks | Kiss | Kool & the Gang
100%
L LaVern Baker | Laura Nyro | Led Zeppelin | Leonard Cohen | Linda Ronstadt | Lionel Richie | +8
100%
R R.E.M. | Radiohead | Rage Against the Machine | Ramones | Randy Newman | Ray Charles | +13
100%
S Sade | Sam & Dave | Sam Cooke | Santana | Sex Pistols | Sheryl Crow | The Shirelles | +15
100%
Z ZZ Top | The Zombies
100%
A A Tribe Called Quest | ABBA | AC/DC | Aerosmith | Al Green | +5
86%
C Carl Perkins | Carly Simon | Carole King | The Cars | Cat Stevens | Cheap Trick | Cher | +14
86%
E Eagles | Earth, Wind & Fire | Eddie Cochran | Electric Light Orchestra | Elton John | +7
86%
M Madonna | The Mamas & the Papas | Martha and the Vandellas | Marvin Gaye | Mary J. Blige | +9
86%
P Parliament-Funkadelic | Pat Benatar and Neil Giraldo | Patti Smith | +14
86%
Q Queen
86%
F The Famous Flames | Fats Domino | The Flamingos | Fleetwood Mac | Foo Fighters | +5
86%
W The White Stripes | Whitney Houston | The Who | Willie Nelson | +2
86%
Y The Yardbirds | Yes
86%
U U2
86%
V Van Halen | Van Morrison | The Velvet Underground | The Ventures
86%
H Hall & Oates | Hank Ballard | Heart | The Hollies
71%
I Ike & Tina Turner | The Impressions | Iron Maiden | Isaac Hayes | The Isley Brothers
71%
O Oasis | Otis Redding | Outkast | Ozzy Osbourne | The O’Jays
71%
N N.W.A | Neil Diamond | Neil Young | Nina Simone | Nine Inch Nails | Nirvana | The Notorious B.I.G.
57%
T T. Rex | Talking Heads | The Temptations | Tina Turner | Todd Rundgren | Tom Petty and the Heartbreakers | +3
57%
No matching quizzes found
Score Distribution
Percent of People with Each Score
Percentile by Number Answered
Your Score History
You have not taken this quiz since the last reset